Govt. of
Madhya Pradesh

आपातकाल के संस्‍मरण (खंड 1) (Record no. 68945)

MARC details
000 -LEADER
fixed length control field 00395nam a22001097a 4500
082 ## - DEWEY DECIMAL CLASSIFICATION NUMBER
Classification number 900
100 ## - MAIN ENTRY--AUTHOR NAME
Personal name प्रो. भगत, अरूण कुमार
245 ## - TITLE STATEMENT
Title आपातकाल के संस्‍मरण (खंड 1)
260 ## - PUBLICATION, DISTRIBUTION, ETC. (IMPRINT)
Place of publication दिल्‍ली
Name of publisher पुष्‍पाजंलि प्र‍काशन
Year of publication 2025
650 ## - SUBJECT ADDED ENTRY--TOPICAL TERM
Topical Term इतिहास
942 ## - ADDED ENTRY ELEMENTS (KOHA)
Koha item type Books
Holdings
Withdrawn status Lost status Damaged status Not for loan Home library Current library Date acquired Cost, normal purchase price Full call number Accession Number Price effective from Koha item type
        MACL MACL 05/04/2026 995.00 900 CRH039079 05/04/2026 Books